100 selected poems / (Record no. 1914)
[ view plain ]
| 000 -LEADER | |
|---|---|
| fixed length control field | 00486cam a2200169 4500 |
| 001 - CONTROL NUMBER | |
| control field | 2390 |
| 005 - DATE AND TIME OF LATEST TRANSACTION | |
| control field | 20181127165047.0 |
| 008 - FIXED-LENGTH DATA ELEMENTS--GENERAL INFORMATION | |
| fixed length control field | 730306s1959 nyu 000 0 eng |
| 010 ## - LIBRARY OF CONGRESS CONTROL NUMBER | |
| LC control number | 59015193 |
| 100 1# - MAIN ENTRY--PERSONAL NAME | |
| Personal name | Cummings, E. E. |
| Fuller form of name | (Edward Estlin), |
| Dates associated with a name | 1894-1962. |
| 245 00 - TITLE STATEMENT | |
| Title | 100 selected poems / |
| Statement of responsibility, etc. | e.e. cummings. |
| 250 ## - EDITION STATEMENT | |
| Edition statement | [1st Evergreen ed.] |
| 260 ## - PUBLICATION, DISTRIBUTION, ETC. | |
| Place of publication, distribution, etc. | New York : |
| Name of publisher, distributor, etc. | Grove Press, |
| Date of publication, distribution, etc. | 1959. |
| 300 ## - PHYSICAL DESCRIPTION | |
| Extent | 121 p. : |
| Dimensions | 21 cm. |
| 490 0# - SERIES STATEMENT | |
| Series statement | An Evergreen book, E-190 |
| 650 ## - SUBJECT ADDED ENTRY--TOPICAL TERM | |
| Topical term or geographic name entry element | Poetry. |
| Form subdivision | |
| General subdivision | |
| Chronological subdivision | |
| Geographic subdivision | |
| Source of heading or term | |
| Withdrawn status | Lost status | Source of classification or shelving scheme | Damaged status | Not for loan | Collection code | Home library | Current library | Shelving location | Date acquired | Serial Enumeration / chronology | Inventory number | Total Checkouts | Full call number | Barcode | Date last seen | Price effective from | Koha item type |
|---|---|---|---|---|---|---|---|---|---|---|---|---|---|---|---|---|---|
| Dewey Decimal Classification | Main TEST | RTC Library | RTC Library | Main opac | 08/03/2024 | 1340 | 811.52 CUM | 30001218 | 08/03/2024 | 27/11/2018 | Main |